Представление документа в формате MARC21

Поле Инд. ПП Название Значение
Тип записи a
Библиографический уровень m
001 _ Контрольный номер RU\infra-m\znanium\bibl\927378
005 _ Дата корректировки 20250915104135.9
008 Кодируемые данные 201228s2020 RU g rus u
020 a ISBN 978-5-98281-157-8
020 a ISBN 978-5-16-100225-4
020 a ISBN 978-5-16-003545-1
040 a Служба первич. каталог. Общество с ограниченной ответственностью «ЗНАНИУМ»
041 a Код языка текста rus
044 a Код страны публикации RU
080 a Индекс УДК 378.172(075)
084 2 Источник индекса rubbk
a Индекс другой классификации/Индекс ББК 75.0
084 2 Источник индекса okso
a Индекс другой классификации/Индекс ББК 00.05.14
084 2 Источник индекса okso
a Индекс другой классификации/Индекс ББК 00.02.14
084 2 Источник индекса okso
a Индекс другой классификации/Индекс ББК 00.03.14
084 2 Источник индекса okso
a Индекс другой классификации/Индекс ББК 00.01.05
100 1_ a Автор Бароненко Валентина Александровна
q Полное имя Валентина Александровна
245 a Заглавие Здоровье и физическая культура студента
b Продолж. заглавия Учебное пособие
c Ответственность Уральский федеральный университет им. первого Президента России Б.Н. Ельцина
250 g перераб.
a Основные сведения об издании 2
260 a Место издания Москва
b Издательство Издательский дом "Альфа-М"
c Дата издания 2018
300 a Объем 336 с.
520 a Аннотация Учебное пособие построено на основе современного валеологического мировоззрения. Раскрывает ведущие факторы здоровья: культуротворчество и здравотворчество; основы здорового образа жизни; взаимосвязь здоровья с окружающей средой и физической культурой. Соответствует образовательному стандарту для среднего профессионального образования по дисциплине «Физическая культура».
521 a Примеч. о целев. назн. Среднее профессиональное образование
650 a Основная рубрика Спорт. Самооборона. Физкультура
x Основная подрубрика Физкультура
700 1_ a Другие авторы Рапопорт Леонид Аронович
q Полное имя Леонид Аронович
852 x Примечание, не предназначенное для пользователя znanium2023
856 4_ a Имя сервера/домена znanium.com
m Помощь ebs_support@infra-m.ru
n Местонахождение сервера НИЦ ИНФРА-М
u URL https://znanium.com/catalog/document?id=372244
z Примечание для пользователя Участвует в КО
856 41 a Имя сервера/домена znanium.com
d Путь /cover/0927
f Электронное имя 927378.jpg
q Тип электронного формата image/jpeg
u URL https://znanium.com/cover/0927/927378.jpg